|
|
|
|
| LEADER |
00000nab a2200000 ar4500 |
| 001 |
vtls009083271 |
| 003 |
SK-MaSNL |
| 005 |
20260303044303.0 |
| 008 |
070727c2007 xo mr|p|||||||000 b|slo |
| 015 |
|
|
|a SNBRB2007
|
| 038 |
|
|
|a SNSK
|
| 040 |
|
|
|a SNSK
|b slo
|c SNSK
|e AACR2
|
| 041 |
|
|
|a slo
|
| 044 |
|
|
|a xo
|c SK
|
| 080 |
|
|
|a 629.331.1/.2
|2 2001
|
| 100 |
1 |
|
|a Turis, Juraj
|4 aut
|9 267882
|
| 245 |
1 |
0 |
|a Dravec na našich cestách
|c [pripravil] Juraj Turis
|
| 300 |
|
|
|b Fotogr.
|
| 650 |
0 |
7 |
|a Land Rover Freelander (osobný automobil)
|2 snsk
|9 1033053
|
| 650 |
0 |
7 |
|a Jeep Compass (osobný automobil)
|2 snsk
|9 1033054
|
| 650 |
0 |
7 |
|a osobné automobily
|2 snsk
|9 26643
|
| 650 |
0 |
7 |
|a technické parametre
|2 snsk
|9 452097
|
| 773 |
0 |
|
|t Život
|g Roč. 57, č. 19 (2007), s. 62-63
|x 0139-6323
|
| 852 |
|
|
|a SNSK
|b KIS3GCP
|
| 999 |
|
|
|c 1699863
|d 1701793
|